000
00336nam a2200145Ia 4500
005
20250320232242.0
008
240331s9999 xx 000 0 und d
082
_b
PAV
_a
894
100
_a
Pavannan,
245
0
_a
Pavannan kathaikal
260
_a
Shivagangai
_b
Akaram Achagam
_c
1990
300
_a
154 p .,
650
_a
Noval
942
_c
L
999
_c
4058
_d
4058